[Event "EYCC 2024 - G18"]
[Site "?"]
[Date "2024.08.26"]
[Round "5.1"]
[White "Striskova, Lucia *)"]
[Black "Cornileau, Juliette"]
[Result "0-1"]
[BlackElo "2116"]
[WhiteElo "1937"]
[LiveChessVersion "1.4.8"]

1. e4 {[%clk 1:30:31]} c5 {[%clk 1:30:44]} 2. Nf3 {[%clk 1:30:44]} d6
{[%clk 1:31:11]} 3. d4 {[%clk 1:30:43]} cxd4 {[%clk 1:31:36]} 4. Nxd4
{[%clk 1:30:58]} Nf6 {[%clk 1:32:02]} 5. Nc3 {[%clk 1:30:53]} Nc6
{[%clk 1:32:21]} 6. Bg5 {[%clk 1:30:24]} e6 {[%clk 1:32:43]} 7. Qd2
{[%clk 1:30:33]} a6 {[%clk 1:33:03]} 8. f3 {[%clk 1:30:26]} Nxd4 {[%clk 1:26:15]}
9. Qxd4 {[%clk 1:30:46]} Be7 {[%clk 1:26:43]} 10. O-O-O {[%clk 1:29:40]} Bd7
{[%clk 1:26:30]} 11. Kb1 {[%clk 1:28:22]} Qc7 {[%clk 1:26:46]} 12. h4
{[%clk 1:28:41]} h6 {[%clk 1:25:50]} 13. Be3 {[%clk 1:25:02]} h5 {[%clk 1:26:15]}
14. Qd2 {[%clk 1:24:49]} b5 {[%clk 1:21:36]} 15. Bd3 {[%clk 1:23:57]} Rb8
{[%clk 1:11:46]} 16. Ne2 {[%clk 1:21:31]} e5 {[%clk 1:08:53]} 17. Bg5
{[%clk 1:19:32]} Be6 {[%clk 1:02:46]} 18. Nc1 {[%clk 1:13:34]} a5
{[%clk 0:49:14]} 19. Be2 {[%clk 1:13:41]} Nh7 {[%clk 0:41:30]} 20. Bxe7
{[%clk 1:12:32]} Kxe7 {[%clk 0:41:54]} 21. g4 {[%clk 1:12:30]} hxg4
{[%clk 0:39:26]} 22. fxg4 {[%clk 1:12:47]} Nf6 {[%clk 0:39:52]} 23. Bf3
{[%clk 1:06:39]} Bxg4 {[%clk 0:31:16]} 24. Bxg4 {[%clk 1:06:37]} Nxg4
{[%clk 0:31:32]} 25. Rdg1 {[%clk 1:06:12]} Qd7 {[%clk 0:20:48]} 26. Qe2
{[%clk 1:05:21]} Nf6 {[%clk 0:21:15]} 27. Rxg7 {[%clk 1:05:23]} Rbg8
{[%clk 0:20:41]} 28. Rxg8 {[%clk 1:04:00]} Rxg8 {[%clk 0:20:03]} 29. h5
{[%clk 1:02:05]} Qg4 {[%clk 0:19:13]} 30. Qxb5 {[%clk 1:00:47]} Qxe4
{[%clk 0:19:35]} 31. Rh2 {[%clk 0:56:28]} Rg1 {[%clk 0:07:03]} 32. Qxa5
{[%clk 0:56:21]} Rxc1+ {[%clk 0:06:48]} 33. Kxc1 {[%clk 0:56:39]} Qe3+
{[%clk 0:07:16]} 34. Qd2 {[%clk 0:56:40]} Qg1+ {[%clk 0:07:43]} 35. Qd1
{[%clk 0:56:41]} Qxh2 {[%clk 0:08:11]} 36. a4 {[%clk 0:56:46]} Qxh5
{[%clk 0:07:43]} 37. Qe1 {[%clk 0:56:55]} e4 {[%clk 0:05:08]} 38. a5
{[%clk 0:57:17]} Qg5+ {[%clk 0:04:04]} 39. Kb1 {[%clk 0:57:43]} Qb5
{[%clk 0:04:26]} 40. Qc3 {[%clk 0:55:43]} Nd5 {[%clk 0:04:05]} 41. Qd4
{[%clk 0:56:05]} Nf6 {[%clk 0:02:40]} 42. Qa7+ {[%clk 0:56:13]} Nd7
{[%clk 0:02:06]} 43. a6 {[%clk 0:56:10]} Qb6 {[%clk 0:01:10]} 44. Qa8
{[%clk 0:56:21]} e3 {[%clk 0:00:39]} 45. a7 {[%clk 0:56:34]} Qd4 {[%clk 0:00:38]}
46. Qb7 {[%clk 0:55:43]} e2 {[%clk 0:01:05]} 47. a8=Q {[%clk 0:56:05]} e1=Q+
{[%clk 0:01:33]} 48. Ka2 {[%clk 0:56:22]} Qc4+ {[%clk 0:01:47]} 49. Qb3
{[%clk 0:56:46]} Qxb3+ {[%clk 0:02:13]} 50. cxb3 {[%clk 0:56:55]} Qb4
{[%clk 0:02:28]} 51. Qf3 {[%clk 0:56:07]} Ne5 {[%clk 0:01:05]} 52. Qe3
{[%clk 0:56:23]} Ke6 {[%clk 0:01:04]} 53. Qh6+ {[%clk 0:56:31]} f6
{[%clk 0:01:12]} 54. Qh8 {[%clk 0:56:49]} Qa5+ {[%clk 0:01:06]} 55. Kb1
{[%clk 0:57:14]} Qb5 {[%clk 0:00:41]} 56. Qg8+ {[%clk 0:57:27]} Kf5
{[%clk 0:00:44]} 57. Qh7+ {[%clk 0:57:52]} Kg5 {[%clk 0:00:52]} 58. Qh1
{[%clk 0:57:27]} Qxb3 {[%clk 0:00:59]} 59. Qg1+ {[%clk 0:57:44]} Kf5
{[%clk 0:01:14]} 60. Qf1+ {[%clk 0:57:42]} Qf3 {[%clk 0:01:35]} 0-1

[Event "EYCC 2024 - G18"]
[Site "?"]
[Date "2024.08.26"]
[Round "5.2"]
[White "Ter-Avetisjana, Agnesa Stepania"]
[Black "Kapolkova, Greta"]
[Result "1-0"]
[BlackElo "1889"]
[WhiteElo "2089"]
[LiveChessVersion "1.4.8"]

1. e4 {[%clk 1:29:04]} c5 {[%clk 1:30:55]} 2. Nf3 {[%clk 1:29:20]} d6
{[%clk 1:31:20]} 3. Bb5+ {[%clk 1:29:40]} Nd7 {[%clk 1:31:44]} 4. O-O
{[%clk 1:29:59]} Ngf6 {[%clk 1:32:01]} 5. Re1 {[%clk 1:30:12]} g6
{[%clk 1:31:55]} 6. c3 {[%clk 1:30:24]} Bg7 {[%clk 1:31:33]} 7. d4
{[%clk 1:30:41]} cxd4 {[%clk 1:31:56]} 8. cxd4 {[%clk 1:31:05]} O-O
{[%clk 1:31:31]} 9. Nc3 {[%clk 1:31:29]} a6 {[%clk 1:31:53]} 10. Bf1
{[%clk 1:26:25]} e5 {[%clk 1:20:02]} 11. a4 {[%clk 1:20:44]} Re8 {[%clk 1:14:28]}
12. Be3 {[%clk 1:11:54]} Ng4 {[%clk 0:54:51]} 13. Bg5 {[%clk 1:09:39]} Ngf6
{[%clk 0:54:43]} 14. Bc4 {[%clk 1:01:19]} Nb6 {[%clk 0:43:13]} 15. Bb3
{[%clk 0:57:00]} h6 {[%clk 0:41:55]} 16. Bxf6 {[%clk 0:51:37]} Bxf6
{[%clk 0:42:08]} 17. dxe5 {[%clk 0:51:09]} dxe5 {[%clk 0:39:28]} 18. a5
{[%clk 0:50:24]} Qxd1 {[%clk 0:37:07]} 19. Raxd1 {[%clk 0:48:37]} Nd7
{[%clk 0:35:43]} 20. Ba4 {[%clk 0:48:53]} Rd8 {[%clk 0:34:29]} 21. Nd5
{[%clk 0:48:04]} Kg7 {[%clk 0:33:20]} 22. Nxf6 {[%clk 0:46:48]} Kxf6
{[%clk 0:33:32]} 23. Rd6+ {[%clk 0:47:12]} Ke7 {[%clk 0:33:25]} 24. Red1
{[%clk 0:47:34]} f6 {[%clk 0:32:21]} 25. Nh4 {[%clk 0:47:28]} Rb8
{[%clk 0:29:26]} 26. Nxg6+ {[%clk 0:47:23]} Kf7 {[%clk 0:29:03]} 27. Nh4
{[%clk 0:44:01]} b5 {[%clk 0:14:23]} 28. axb6 {[%clk 0:44:15]} Rb7
{[%clk 0:14:48]} 29. h3 {[%clk 0:44:07]} h5 {[%clk 0:14:32]} 30. Nf5
{[%clk 0:43:42]} a5 {[%clk 0:11:46]} 31. Bc6 {[%clk 0:42:56]} 1-0

[Event "EYCC 2024 - G18"]
[Site "?"]
[Date "2024.08.26"]
[Round "5.3"]
[White "Kovacs, Veronika"]
[Black "Deladerriere, Calypso"]
[Result "0-1"]
[BlackElo "2044"]
[WhiteElo "1781"]
[LiveChessVersion "1.4.8"]

1. d4 {[%clk 1:30:56]} d5 {[%clk 1:30:48]} 2. Nf3 {[%clk 1:31:19]} Nf6
{[%clk 1:30:09]} 3. c4 {[%clk 1:29:15]} e6 {[%clk 1:30:17]} 4. Nc3
{[%clk 1:29:18]} Bb4 {[%clk 1:29:23]} 5. a3 {[%clk 1:28:18]} Bxc3+
{[%clk 1:26:29]} 6. bxc3 {[%clk 1:28:43]} Nc6 {[%clk 1:26:29]} 7. Bg5
{[%clk 1:28:34]} h6 {[%clk 1:26:28]} 8. Bh4 {[%clk 1:28:55]} g5 {[%clk 1:26:28]}
9. Bg3 {[%clk 1:29:13]} Ne4 {[%clk 1:26:33]} 10. Qc2 {[%clk 1:28:08]} h5
{[%clk 1:26:13]} 11. h4 {[%clk 1:09:52]} Nxg3 {[%clk 1:19:26]} 12. fxg3
{[%clk 1:10:14]} g4 {[%clk 1:19:10]} 13. Ng5 {[%clk 0:58:54]} Qd6
{[%clk 1:18:56]} 14. e3 {[%clk 0:47:49]} Qxg3+ {[%clk 1:17:55]} 15. Kd1
{[%clk 0:48:06]} Ne7 {[%clk 1:15:35]} 16. Bd3 {[%clk 0:43:52]} dxc4
{[%clk 1:06:32]} 17. Bxc4 {[%clk 0:39:56]} Nf5 {[%clk 1:06:11]} 18. Qe2
{[%clk 0:38:55]} Nxe3+ {[%clk 1:01:30]} 19. Kd2 {[%clk 0:39:15]} Nxc4+
{[%clk 1:01:05]} 20. Qxc4 {[%clk 0:39:35]} Qxg2+ {[%clk 1:01:26]} 21. Ke3
{[%clk 0:39:29]} Bd7 {[%clk 0:56:42]} 22. Raf1 {[%clk 0:34:04]} O-O
{[%clk 0:52:10]} 23. Ne4 {[%clk 0:31:48]} f5 {[%clk 0:49:36]} 24. Ng5
{[%clk 0:30:35]} f4+ {[%clk 0:45:46]} 25. Kd3 {[%clk 0:30:58]} a6
{[%clk 0:41:28]} 0-1

[Event "EYCC 2024 - G18"]
[Site "?"]
[Date "2024.08.26"]
[Round "5.4"]
[White "Akat, Elifnaz"]
[Black "Tsakona, Maria"]
[Result "1-0"]
[BlackElo "2031"]
[WhiteElo "1888"]
[LiveChessVersion "1.4.8"]

1. e4 {[%clk 1:30:40]} c5 {[%clk 1:30:53]} 2. Nf3 {[%clk 1:30:58]} e6
{[%clk 1:31:16]} 3. g3 {[%clk 1:31:23]} Nc6 {[%clk 1:31:26]} 4. Bg2
{[%clk 1:31:34]} Nf6 {[%clk 1:31:42]} 5. Qe2 {[%clk 1:30:28]} e5 {[%clk 1:31:53]}
6. d3 {[%clk 1:29:58]} Be7 {[%clk 1:32:06]} 7. O-O {[%clk 1:30:20]} O-O
{[%clk 1:31:58]} 8. Na3 {[%clk 1:30:18]} Re8 {[%clk 1:31:55]} 9. Nc4
{[%clk 1:30:36]} d6 {[%clk 1:30:19]} 10. a4 {[%clk 1:30:53]} h6 {[%clk 1:28:55]}
11. Ne3 {[%clk 1:26:58]} Bf8 {[%clk 1:27:00]} 12. Nd2 {[%clk 1:24:44]} g6
{[%clk 1:23:27]} 13. Ndc4 {[%clk 1:24:56]} Bg7 {[%clk 1:20:50]} 14. c3
{[%clk 1:20:04]} Rb8 {[%clk 1:09:14]} 15. Bd2 {[%clk 1:13:22]} b6
{[%clk 1:02:08]} 16. Be1 {[%clk 1:09:38]} a6 {[%clk 0:58:05]} 17. f4
{[%clk 1:06:21]} exf4 {[%clk 0:56:25]} 18. gxf4 {[%clk 1:04:49]} Bb7
{[%clk 0:55:39]} 19. Bh4 {[%clk 1:03:01]} d5 {[%clk 0:42:00]} 20. Nxd5
{[%clk 0:49:42]} Nd4 {[%clk 0:28:18]} 21. cxd4 {[%clk 0:46:57]} Bxd5
{[%clk 0:26:46]} 22. Ne5 {[%clk 0:46:49]} Ba8 {[%clk 0:21:19]} 23. dxc5
{[%clk 0:44:28]} bxc5 {[%clk 0:21:10]} 24. Nc4 {[%clk 0:43:01]} Qd7
{[%clk 0:19:18]} 25. Bf2 {[%clk 0:41:48]} Qc7 {[%clk 0:12:35]} 26. f5
{[%clk 0:38:11]} Rbd8 {[%clk 0:09:45]} 27. Bg3 {[%clk 0:35:11]} Qd7
{[%clk 0:09:29]} 28. fxg6 {[%clk 0:32:26]} fxg6 {[%clk 0:09:53]} 29. Nb6
{[%clk 0:28:15]} Qd4+ {[%clk 0:06:15]} 30. Bf2 {[%clk 0:27:59]} Qe5
{[%clk 0:06:24]} 31. Nxa8 {[%clk 0:28:21]} Rxa8 {[%clk 0:06:49]} 32. Rac1
{[%clk 0:27:48]} Rac8 {[%clk 0:04:02]} 33. Kh1 {[%clk 0:27:32]} Nd7
{[%clk 0:03:29]} 34. Qg4 {[%clk 0:27:46]} Qd6 {[%clk 0:03:21]} 35. Bh3
{[%clk 0:26:03]} Ne5 {[%clk 0:03:00]} 36. Qg3 {[%clk 0:24:33]} Rc7
{[%clk 0:03:08]} 37. Rfd1 {[%clk 0:24:20]} Rf8 {[%clk 0:02:56]} 38. Bg2
{[%clk 0:20:22]} h5 {[%clk 0:01:04]} 39. Be3 {[%clk 0:18:45]} Qe7
{[%clk 0:00:52]} 40. Bg5 {[%clk 0:18:14]} Qd6 {[%clk 0:01:03]} 41. Rd2
{[%clk 0:15:24]} Qd4 {[%clk 0:01:02]} 42. Be3 {[%clk 0:15:25]} Qxa4
{[%clk 0:01:14]} 43. d4 {[%clk 0:12:12]} cxd4 {[%clk 0:00:55]} 44. Rxc7
{[%clk 0:12:29]} dxe3 {[%clk 0:01:19]} 45. Qxe3 {[%clk 0:10:46]} Nc4
{[%clk 0:01:07]} 46. Rxg7+ {[%clk 0:10:05]} Kxg7 {[%clk 0:01:34]} 47. Qc3+
{[%clk 0:10:20]} Kh6 {[%clk 0:01:15]} 48. b3 {[%clk 0:10:07]} Qa5
{[%clk 0:00:57]} 49. b4 {[%clk 0:09:48]} Qg5 {[%clk 0:00:55]} 50. Rd5
{[%clk 0:09:28]} Qe3 {[%clk 0:00:56]} 51. Rd3 {[%clk 0:07:49]} Qe2
{[%clk 0:01:07]} 52. Qc1+ {[%clk 0:08:09]} g5 {[%clk 0:00:50]} 53. Rd5
{[%clk 0:07:44]} Ne3 {[%clk 0:00:40]} 54. Qc6+ {[%clk 0:08:12]} Kg7
{[%clk 0:00:51]} 55. Rxg5+ {[%clk 0:08:26]} Kf7 {[%clk 0:01:12]} 56. Qd7+
{[%clk 0:07:47]} Kf6 {[%clk 0:01:35]} 57. Qg7+ {[%clk 0:08:13]} Ke6
{[%clk 0:01:53]} 58. Rg6+ {[%clk 0:08:41]} Rf6 {[%clk 0:02:14]} 59. Qxf6+
{[%clk 0:09:07]} Kd7 {[%clk 0:02:40]} 60. Rg7+ {[%clk 0:09:34]} 1-0

[Event "EYCC 2024 - G18"]
[Site "?"]
[Date "2024.08.26"]
[Round "5.5"]
[White "Zito, Enrica"]
[Black "Diasamidze, Lulu"]
[Result "1/2-1/2"]
[BlackElo "1905"]
[WhiteElo "2108"]
[LiveChessVersion "1.4.8"]

1. e4 {[%clk 1:30:56]} c5 {[%clk 1:30:51]} 2. Nf3 {[%clk 1:31:23]} e6
{[%clk 1:31:15]} 3. g3 {[%clk 1:31:50]} Nc6 {[%clk 1:31:08]} 4. Bg2
{[%clk 1:32:12]} Nge7 {[%clk 1:26:55]} 5. O-O {[%clk 1:31:13]} d5
{[%clk 1:25:37]} 6. exd5 {[%clk 1:31:18]} Nxd5 {[%clk 1:25:47]} 7. d4
{[%clk 1:26:54]} Be7 {[%clk 1:18:28]} 8. dxc5 {[%clk 1:19:36]} O-O
{[%clk 1:18:19]} 9. Qe2 {[%clk 1:18:30]} Bxc5 {[%clk 1:17:20]} 10. Rd1
{[%clk 1:17:14]} Qe7 {[%clk 1:12:45]} 11. b3 {[%clk 1:11:21]} Rd8
{[%clk 1:07:36]} 12. Bb2 {[%clk 1:10:57]} Bd7 {[%clk 1:04:09]} 13. Nbd2
{[%clk 1:09:06]} Ba3 {[%clk 1:02:25]} 14. Bxa3 {[%clk 1:05:19]} Qxa3
{[%clk 1:02:24]} 15. Nc4 {[%clk 0:49:09]} Qc5 {[%clk 1:01:23]} 16. Rd2
{[%clk 0:32:42]} Be8 {[%clk 0:59:23]} 17. Qe1 {[%clk 0:30:32]} Nb6
{[%clk 0:47:27]} 18. Ne3 {[%clk 0:21:52]} Qc3 {[%clk 0:36:06]} 19. Rad1
{[%clk 0:21:31]} Rxd2 {[%clk 0:36:18]} 20. Qxd2 {[%clk 0:18:59]} Qxd2
{[%clk 0:35:57]} 21. Rxd2 {[%clk 0:19:22]} Rd8 {[%clk 0:36:01]} 22. Rxd8
{[%clk 0:19:35]} Nxd8 {[%clk 0:36:27]} 23. Nd4 {[%clk 0:19:28]} Kf8
{[%clk 0:34:56]} 24. c4 {[%clk 0:19:20]} Bc6 {[%clk 0:29:28]} 25. Nxc6
{[%clk 0:19:25]} bxc6 {[%clk 0:28:50]} 26. c5 {[%clk 0:18:47]} Nd7
{[%clk 0:22:28]} 27. b4 {[%clk 0:18:56]} Ne5 {[%clk 0:20:59]} 28. a3
{[%clk 0:18:36]} g5 {[%clk 0:20:29]} 29. f4 {[%clk 0:13:05]} gxf4
{[%clk 0:20:29]} 30. gxf4 {[%clk 0:13:29]} Nd3 {[%clk 0:19:46]} 31. f5
{[%clk 0:13:35]} Nf4 {[%clk 0:18:05]} 32. Be4 {[%clk 0:12:38]} Nd5
{[%clk 0:16:58]} 33. Nc4 {[%clk 0:12:18]} Nc3 {[%clk 0:16:05]} 34. Bd3
{[%clk 0:12:30]} h6 {[%clk 0:15:43]} 35. Kf2 {[%clk 0:10:10]} Ke7
{[%clk 0:16:05]} 36. Nd6 {[%clk 0:09:53]} Kd7 {[%clk 0:15:52]} 37. Kf3
{[%clk 0:07:45]} Nd5 {[%clk 0:15:05]} 38. Nc4 {[%clk 0:05:34]} Ke7
{[%clk 0:14:09]} 39. Ne3 {[%clk 0:04:49]} Nc3 {[%clk 0:08:10]} 40. Ng4
{[%clk 0:04:42]} h5 {[%clk 0:08:00]} 41. Ne3 {[%clk 0:04:26]} e5 {[%clk 0:08:02]}
42. Nc4 {[%clk 0:04:28]} f6 {[%clk 0:08:19]} 43. Nd6 {[%clk 0:04:50]} Kd7
{[%clk 0:08:15]} 44. Kg3 {[%clk 0:03:58]} Nd5 {[%clk 0:07:17]} 45. Be4
{[%clk 0:03:55]} Nf4 {[%clk 0:07:10]} 46. Bf3 {[%clk 0:03:29]} a6
{[%clk 0:06:57]} 47. h3 {[%clk 0:03:35]} Ke7 {[%clk 0:07:12]} 48. Kh4
{[%clk 0:03:51]} Nd5 {[%clk 0:05:10]} 49. Bxh5 {[%clk 0:03:51]} Nc3
{[%clk 0:05:21]} 50. Bf3 {[%clk 0:03:58]} Nb1 {[%clk 0:05:34]} 51. Nc4
{[%clk 0:04:08]} Nf7 {[%clk 0:05:50]} 52. Bxc6 {[%clk 0:04:03]} Ng5
{[%clk 0:06:09]} 53. Nxe5 {[%clk 0:04:25]} Nxa3 {[%clk 0:06:31]} 54. Ng6+
{[%clk 0:04:39]} Kd8 {[%clk 0:06:30]} 55. Bb7 {[%clk 0:05:01]} Nc2
{[%clk 0:06:43]} 56. Bxa6 {[%clk 0:05:04]} Nxb4 {[%clk 0:07:09]} 57. Bb5
{[%clk 0:04:52]} Nc2 {[%clk 0:06:33]} 58. Nf4 {[%clk 0:04:18]} Nd4
{[%clk 0:06:54]} 59. Bd3 {[%clk 0:04:26]} Nb3 {[%clk 0:06:23]} 60. c6
{[%clk 0:03:49]} Nd4 {[%clk 0:06:39]} 61. Nd5 {[%clk 0:03:51]} Nxc6
{[%clk 0:06:42]} 62. Nxf6 {[%clk 0:04:03]} Nf3+ {[%clk 0:06:04]} 63. Kg3
{[%clk 0:04:04]} Nfe5 {[%clk 0:06:25]} 64. Be4 {[%clk 0:04:12]} Nd4
{[%clk 0:05:49]} 65. Kf4 {[%clk 0:04:31]} Nf7 {[%clk 0:06:14]} 66. Nd5
{[%clk 0:03:28]} Ke8 {[%clk 0:05:37]} 67. Bd3 {[%clk 0:03:19]} Kf8
{[%clk 0:05:21]} 68. f6 {[%clk 0:03:24]} Ne6+ {[%clk 0:05:22]} 69. Kf5
{[%clk 0:03:38]} Nd4+ {[%clk 0:05:46]} 70. Ke4 {[%clk 0:03:27]} Ne6
{[%clk 0:05:16]} 71. h4 {[%clk 0:03:20]} Nc5+ {[%clk 0:05:24]} 72. Ke3
{[%clk 0:03:41]} Nh6 {[%clk 0:05:34]} 73. Bc2 {[%clk 0:01:47]} Kf7
{[%clk 0:04:43]} 74. Kf4 {[%clk 0:01:56]} Ne6+ {[%clk 0:04:06]} 75. Ke5
{[%clk 0:01:43]} Ng4+ {[%clk 0:04:31]} 76. Kf5 {[%clk 0:01:36]} Nxf6
{[%clk 0:04:50]} 77. Nxf6 {[%clk 0:01:46]} Nd4+ {[%clk 0:05:17]} 78. Kg5
{[%clk 0:02:01]} Nxc2 {[%clk 0:05:42]} 79. h5 {[%clk 0:02:18]} Nd4
{[%clk 0:05:54]} 80. Ne4 {[%clk 0:01:57]} Ne6+ {[%clk 0:06:10]} 81. Kg4
{[%clk 0:02:14]} Kg7 {[%clk 0:05:57]} 82. Kf5 {[%clk 0:02:16]} Kh6
{[%clk 0:06:15]} 1/2-1/2

[Event "EYCC 2024 - G18"]
[Site "?"]
[Date "2024.08.26"]
[Round "5.6"]
[White "Trasakova, Adela"]
[Black "Kochavi, Dana"]
[Result "0-1"]
[BlackElo "2083"]
[WhiteElo "1853"]
[LiveChessVersion "1.4.8"]

1. d4 {[%clk 1:30:57]} Nf6 {[%clk 1:30:56]} 2. Nf3 {[%clk 1:31:22]} g6
{[%clk 1:31:23]} 3. g3 {[%clk 1:31:39]} Bg7 {[%clk 1:31:49]} 4. Bg2
{[%clk 1:32:03]} O-O {[%clk 1:32:16]} 5. O-O {[%clk 1:32:26]} d6 {[%clk 1:32:45]}
6. b3 {[%clk 1:32:43]} b5 {[%clk 1:33:11]} 7. Bb2 {[%clk 1:20:29]} Bb7
{[%clk 1:31:49]} 8. c4 {[%clk 1:19:20]} bxc4 {[%clk 1:32:15]} 9. bxc4
{[%clk 1:19:32]} Nbd7 {[%clk 1:32:44]} 10. Nc3 {[%clk 1:16:27]} c5
{[%clk 1:32:31]} 11. e3 {[%clk 1:08:58]} Rb8 {[%clk 1:29:11]} 12. Qe2
{[%clk 1:07:25]} Ba6 {[%clk 1:26:03]} 13. Nb5 {[%clk 0:58:07]} Nb6
{[%clk 1:22:30]} 14. a4 {[%clk 0:57:24]} Nfd7 {[%clk 1:14:19]} 15. Rfb1
{[%clk 0:51:40]} d5 {[%clk 1:07:32]} 16. dxc5 {[%clk 0:42:42]} Bxb2
{[%clk 1:06:40]} 17. Qxb2 {[%clk 0:42:37]} Nxc5 {[%clk 1:05:59]} 18. Qc2
{[%clk 0:37:00]} Nxc4 {[%clk 1:00:46]} 19. Nfd4 {[%clk 0:28:38]} Qd7
{[%clk 1:01:03]} 20. e4 {[%clk 0:25:29]} e6 {[%clk 1:00:25]} 21. exd5
{[%clk 0:22:33]} exd5 {[%clk 0:59:36]} 22. Rc1 {[%clk 0:21:25]} Rfe8
{[%clk 0:55:03]} 23. Qa2 {[%clk 0:14:23]} Ne4 {[%clk 0:50:28]} 24. Re1
{[%clk 0:11:02]} Ned6 {[%clk 0:40:56]} 25. Red1 {[%clk 0:08:45]} Ne4
{[%clk 0:38:27]} 26. Rac1 {[%clk 0:08:22]} Rbc8 {[%clk 0:38:18]} 27. Re1
{[%clk 0:07:32]} Nc5 {[%clk 0:36:43]} 28. Red1 {[%clk 0:07:30]} Nb6
{[%clk 0:36:25]} 29. Nc3 {[%clk 0:03:16]} Bc4 {[%clk 0:36:38]} 30. Qa3
{[%clk 0:03:35]} Ncxa4 {[%clk 0:31:27]} 31. Nxa4 {[%clk 0:03:32]} Qxa4
{[%clk 0:31:51]} 32. Qf3 {[%clk 0:03:09]} Qd7 {[%clk 0:31:12]} 33. Ra1
{[%clk 0:03:02]} a6 {[%clk 0:31:15]} 34. Qa3 {[%clk 0:02:48]} Qe7
{[%clk 0:30:14]} 35. Qa5 {[%clk 0:02:15]} Qc5 {[%clk 0:29:59]} 36. Qd2
{[%clk 0:02:43]} Nd7 {[%clk 0:29:33]} 37. Ra5 {[%clk 0:02:44]} Qd6
{[%clk 0:29:35]} 38. Raa1 {[%clk 0:03:07]} Nc5 {[%clk 0:29:41]} 39. Qc3
{[%clk 0:01:36]} Ne4 {[%clk 0:29:11]} 40. Qb2 {[%clk 0:00:50]} Rb8
{[%clk 0:29:37]} 41. Qc2 {[%clk 0:01:13]} Nc5 {[%clk 0:28:36]} 42. Ra3
{[%clk 0:00:38]} Qb6 {[%clk 0:28:42]} 43. Rda1 {[%clk 0:00:37]} Qb2
{[%clk 0:28:21]} 44. Qxb2 {[%clk 0:00:34]} Rxb2 {[%clk 0:28:46]} 45. Ra5
{[%clk 0:00:40]} Nb7 {[%clk 0:28:37]} 46. R5a3 {[%clk 0:00:53]} Nc5
{[%clk 0:23:17]} 47. Ra5 {[%clk 0:01:22]} Rc8 {[%clk 0:23:31]} 48. R5a3
{[%clk 0:00:36]} Rd2 {[%clk 0:23:31]} 49. Nf3 {[%clk 0:00:52]} Rd3
{[%clk 0:23:19]} 50. Rxd3 {[%clk 0:00:40]} Nxd3 {[%clk 0:23:36]} 51. Nd4
{[%clk 0:00:43]} Nc5 {[%clk 0:23:36]} 52. Bf1 {[%clk 0:00:33]} Bxf1
{[%clk 0:22:09]} 53. Kxf1 {[%clk 0:01:00]} Kf8 {[%clk 0:22:21]} 54. Rc1
{[%clk 0:01:03]} Ke7 {[%clk 0:22:24]} 55. Ke2 {[%clk 0:00:43]} Kd6
{[%clk 0:22:47]} 56. Kf3 {[%clk 0:01:01]} Rb8 {[%clk 0:22:43]} 57. Kg4
{[%clk 0:00:56]} Rb4 {[%clk 0:23:05]} 58. Rd1 {[%clk 0:01:09]} Ne6
{[%clk 0:23:29]} 0-1

[Event "EYCC 2024 - G18"]
[Site "?"]
[Date "2024.08.26"]
[Round "5.7"]
[White "Suarez Gomez, Paula"]
[Black "Buri, Petra Zsuzsanna"]
[Result "1-0"]
[BlackElo "1946"]
[WhiteElo "2080"]
[LiveChessVersion "1.4.8"]

1. e4 {[%clk 1:30:58]} c5 {[%clk 1:30:38]} 2. Ne2 {[%clk 1:27:13]} d6
{[%clk 1:30:13]} 3. d4 {[%clk 1:27:22]} cxd4 {[%clk 1:30:22]} 4. Nxd4
{[%clk 1:27:47]} Nf6 {[%clk 1:30:30]} 5. Nc3 {[%clk 1:25:48]} g6 {[%clk 1:29:46]}
6. f3 {[%clk 1:19:38]} Bg7 {[%clk 1:28:51]} 7. Be3 {[%clk 1:20:02]} Nc6
{[%clk 1:25:15]} 8. Qd2 {[%clk 1:20:23]} Nxd4 {[%clk 1:21:53]} 9. Bxd4
{[%clk 1:20:07]} O-O {[%clk 1:21:33]} 10. Bc4 {[%clk 1:14:35]} Bd7
{[%clk 1:14:56]} 11. O-O {[%clk 0:56:33]} Qc7 {[%clk 1:08:56]} 12. Bd3
{[%clk 0:51:37]} Bc6 {[%clk 0:57:55]} 13. Be3 {[%clk 0:44:57]} Rfd8
{[%clk 0:53:05]} 14. Nb5 {[%clk 0:27:55]} Qb8 {[%clk 0:45:06]} 15. Rae1
{[%clk 0:26:37]} a6 {[%clk 0:37:01]} 16. Nd4 {[%clk 0:20:52]} Bd7
{[%clk 0:35:56]} 17. c4 {[%clk 0:19:44]} Qc7 {[%clk 0:28:09]} 18. b3
{[%clk 0:19:29]} Rac8 {[%clk 0:26:42]} 19. Rc1 {[%clk 0:19:30]} Qb8
{[%clk 0:26:01]} 20. Qe2 {[%clk 0:16:09]} Ne8 {[%clk 0:23:50]} 21. b4
{[%clk 0:15:26]} Nc7 {[%clk 0:22:10]} 22. Nb3 {[%clk 0:15:49]} e5
{[%clk 0:13:16]} 23. Bb6 {[%clk 0:14:52]} Ne6 {[%clk 0:11:29]} 24. Qf2
{[%clk 0:14:09]} Ba4 {[%clk 0:09:36]} 25. Bxd8 {[%clk 0:06:56]} Rxd8
{[%clk 0:09:47]} 26. Bc2 {[%clk 0:07:19]} Bxb3 {[%clk 0:06:58]} 27. Bxb3
{[%clk 0:07:32]} Nd4 {[%clk 0:07:00]} 28. Rcd1 {[%clk 0:06:33]} Qc7
{[%clk 0:06:31]} 29. f4 {[%clk 0:06:04]} Rd7 {[%clk 0:06:17]} 30. f5
{[%clk 0:06:04]} b6 {[%clk 0:03:00]} 31. Kh1 {[%clk 0:03:18]} f6 {[%clk 0:02:05]}
32. Rxd4 {[%clk 0:01:44]} exd4 {[%clk 0:02:21]} 33. Qxd4 {[%clk 0:02:11]} Kh8
{[%clk 0:02:08]} 34. fxg6 {[%clk 0:02:14]} hxg6 {[%clk 0:02:23]} 35. Rf3
{[%clk 0:02:23]} Qc6 {[%clk 0:00:51]} 36. c5 {[%clk 0:01:09]} dxc5
{[%clk 0:01:05]} 37. Qc4 {[%clk 0:01:24]} Rd8 {[%clk 0:00:55]} 38. Rh3+
{[%clk 0:01:45]} Bh6 {[%clk 0:01:20]} 39. Qf7 {[%clk 0:01:26]} 1-0